| 000 | 00492nam a2200169 a 4500 | ||
|---|---|---|---|
| 005 | 20140310183440.0 | ||
| 008 | 080404s19uu xx 00 eng d | ||
| 020 | _a9789710328277 | ||
| 050 |
_aPL 6057 _b.N42e 2007 |
||
| 245 | _aThe new English Filipino dictionary. | ||
| 250 | _arevised and international ed. | ||
| 260 |
_aManila : _bISP International, _c2007. |
||
| 300 |
_a593 p. : _c18 cm. |
||
| 650 |
_aFilipino language _xDictionaries _xEnglish. |
||
| 942 |
_cBK _2lcc |
||
| 999 |
_c23050 _d23050 |
||